| 000 | 00606nam a2200205Ia 4500 | ||
|---|---|---|---|
| 003 | GCL | ||
| 008 | 140319s9999 xx 000 0 ara d | ||
| 040 |
_aGCL / _cGCL |
||
| 082 | 0 | 4 |
_a301 _bت م |
| 100 | 1 | _aجورج كتوره | |
| 245 | 1 | 0 |
_aمحاضرات فى علم الاجتماع / _cجورج كتوره |
| 700 | 1 | _aتيودور فون ادرنو | |
| 260 |
_a[S.N] : _bمركز الانماء القومى |
||
| 300 | _a125 ص | ||
| 490 | _a | ||
| 650 | 0 | 4 | _aمقالات ومحاضرات |
| 650 | 0 | 4 | _aاوجست كونت |
| 650 | 0 | 4 | _aتاريخ علم الاجتماع |
| 942 |
_2ddc _cBK |
||
| 999 |
_c37268 _d37268 |
||